00507nam a2200193 a 4500001001300000003000900013005001700022008004100039020001000080082001700090100002700107245002300134260003500157300000900192500003500201505003100236650001900267700002700286nice12345678IN_TiNIC20260116011411.0050524s1882 luca grp 000 0 ara  ac10000a492.782bRAZ aRazi, Mohd Ibn-E-Hasan aRazi Sharah Kafiya aLucknow bNaval Kishore c1882 a536p aincludes index and biblioraphy2 aSeven Vols. Bound Together aArabic-Grammar1 aRazi, Mohd Ibn-E-Hasan